[Event "Schleswig Holstein-ch VM 59th"]
[Site "Buesum"]
[Date "2004.??.??"]
[Round "7"]
[White "Schmidt Brauns, Rainer"]
[Black "Kemeny, Matthias"]
[Result "1-0"]
[WhiteElo "2119"]
[BlackElo "2069"]
[PlyCount "121"]
[EventDate "2004.??.??"]
[EventType "tourn"]
[EventRounds "9"]
[EventCountry "GER"]
[SourceTitle "EXT 2010"]
[Source "ChessBase"]
[SourceDate "2010.11.25"]
[SourceVersion "1"]
[SourceVersionDate "2010.11.25"]
[SourceQuality "1"]

1. d4 Nf6 2. c4 g6 3. Nc3 d5 4. Nf3 Bg7 5. Qb3 dxc4 6. Qxc4 0-0 7. e4 Bg4 8. Be3 Nfd7 9. Rd1 Nc6 10. Be2 Nb6 11. Qc5 Qd6 12. e5 Qxc5 13. dxc5 Nc8 14. h3 Bxf3 15. Bxf3 Bxe5 16. Bxc6 bxc6 17. Bd4 Bf4 18. g3 e5 19. gxf4 exd4 20. Rxd4 Re8+ 21. Kf1 Rb8 22. b3 Ne7 23. Kg2 Nf5 24. Rd7 Rb4 25. Rhd1 Rxf4 26. Rxc7 Nh4+ 27. Kf1 Rf3 28. Ne2 Rxh3 29. Ng3 Nf5 30. Rdd7 Nxg3+ 31. fxg3 Rh1+ 32. Kg2 Ree1 33. Rxa7 Reg1+ 34. Kf2 Ra1 35. Ke3 Rhe1+ 36. Kd4 Rad1+ 37. Kc3 Re3+ 38. Kb4 Rxd7 39. Rxd7 Rxg3 40. Ka5 Rg2 41. a4 h5 42. Kb6 h4 43. a5 h3 44. a6 h2 45. a7 h1Q 46. a8Q+ Kg7 47. Qxc6 Qh3 48. Qd5 Rf2 49. c6 Rf6 50. b4 Qa3 51. Qd4 Qa8 52. b5 Qb8+ 53. Rb7 Qe8 54. Ka7 Qe1 55. b6 Qg3 56. Rd7 Qa3+ 57. Kb7 Qf3 58. Rd6 g5 59. Qxf6+ Qxf6 60. Rxf6 Kxf6 61. c7 1-0

[Event "Schleswig Holstein-ch VM 59th"]
[Site "Buesum"]
[Date "2004.??.??"]
[Round "9"]
[White "Schmidt Brauns, Rainer"]
[Black "Klawitter, Harald"]
[Result "1/2-1/2"]
[WhiteElo "2119"]
[BlackElo "2074"]
[PlyCount "50"]
[EventDate "2004.??.??"]
[EventType "tourn"]
[EventRounds "9"]
[EventCountry "GER"]
[SourceTitle "EXT 2010"]
[Source "ChessBase"]
[SourceDate "2010.11.25"]
[SourceVersion "1"]
[SourceVersionDate "2010.11.25"]
[SourceQuality "1"]

1. d4 f5 2. c4 Nf6 3. Nf3 g6 4. g3 Bg7 5. Bg2 d6 6. 0-0 0-0 7. Nc3 Nc6 8. d5 Ne5 9. Nxe5 dxe5 10. e4 f4 11. f3 g5 12. g4 h5 13. h3 a6 14. b3 hxg4 15. hxg4 Qd6 16. Qe2 b5 17. Bd2 bxc4 18. bxc4 Qc5+ 19. Rf2 Kf7 20. Rb1 Rh8 21. Kf1 Rh4 22. Ke1 Bd7 23. Bf1 Rah8 24. Rg2 Rh1 25. Qf2 Qxc4 1/2-1/2

[Event "Schleswig Holstein-ch VM 59th"]
[Site "Buesum"]
[Date "2004.??.??"]
[Round "1"]
[White "Wobbe, Sven"]
[Black "Schmidt Brauns, Rainer"]
[Result "1/2-1/2"]
[WhiteElo "2189"]
[BlackElo "2119"]
[PlyCount "81"]
[EventDate "2004.??.??"]
[EventType "tourn"]
[EventRounds "9"]
[EventCountry "GER"]
[SourceTitle "EXT 2010"]
[Source "ChessBase"]
[SourceDate "2010.11.25"]
[SourceVersion "1"]
[SourceVersionDate "2010.11.25"]
[SourceQuality "1"]

1. e4 c6 2. d4 d5 3. Nd2 dxe4 4. Nxe4 Nd7 5. Nf3 Ngf6 6. Nxf6+ Nxf6 7. h3 Bf5 8. Bd3 Bxd3 9. Qxd3 e6 10. 0-0 Be7 11. Rd1 0-0 12. c4 Qc7 13. Be3 c5 14. a3 Rfd8 15. Qc2 cxd4 16. Nxd4 a6 17. b4 Rac8 18. Rac1 Qe5 19. Qb3 Ne4 20. Nf3 Rxd1+ 21. Rxd1 Qc7 22. c5 Rd8 23. Rc1 Bf6 24. Qc4 Qc6 25. a4 Kf8 26. b5 axb5 27. axb5 Qd5 28. c6 bxc6 29. Qxc6 Qxc6 30. Rxc6 Ke8 31. b6 Rd1+ 32. Kh2 Rb1 33. g3 Bd8 34. Kg2 Nf6 35. Nd2 Rb5 36. Nc4 Kd7 37. Rd6+ Ke7 38. Rd3 Nd5 39. Ra3 Bxb6 40. Nxb6 Nxb6 41. Bxb6 1/2-1/2